अपराधशास्त्र / (Record no. 118907)

MARC details
000 -LEADER
fixed length control field 01111nam a22002657a 4500
005 - DATE AND TIME OF LATEST TRANSACTION
control field 20170124103123.0
010 ## - LIBRARY OF CONGRESS CONTROL NUMBER
LC control number B-101163
020 ## - INTERNATIONAL STANDARD BOOK NUMBER
Terms of availability 550.00
International Standard Book Number 817487318
035 ## - SYSTEM CONTROL NUMBER
System control number B-101163
037 ## - SOURCE OF ACQUISITION
Source of stock number/acquisition Cen Lib / Ret
040 ## - CATALOGING SOURCE
Original cataloging agency DPL
Language of cataloging HN
082 ## - DEWEY DECIMAL CLASSIFICATION NUMBER
Classification number 364
Item number पाण्डेय
100 ## - MAIN ENTRY--PERSONAL NAME
Personal name पाण्डेय, गणेश
9 (RLIN) 82457
245 ## - TITLE STATEMENT
Title अपराधशास्त्र /
Statement of responsibility, etc गणेश पाण्डेय
246 ## - VARYING FORM OF TITLE
Title proper/short title Apradhshastra /
Remainder of title by Ganesh Pandey
260 ## - PUBLICATION, DISTRIBUTION, ETC. (IMPRINT)
Place of publication, distribution, etc नयी दिल्ली
Name of publisher, distributor, etc राधा पब्लिकेशन
Date of publication, distribution, etc 2003
270 ## - ADDRESS
City नयी दिल्ली
Address 4378/4 B, अनासरी रोड, दरियागंज
Postal code 110002
300 ## - PHYSICAL DESCRIPTION
Extent 400पृ.
Dimensions 20सेमी (सजिल्द)
500 ## - GENERAL NOTE
General note सन्दर्भ सूची शामिल
650 ## - SUBJECT ADDED ENTRY--TOPICAL TERM
Topical term or geographic name as entry element अपराधशास्त्र
9 (RLIN) 560
650 ## - SUBJECT ADDED ENTRY--TOPICAL TERM
Topical term or geographic name as entry element अपराधशास्त्र--समीक्षा
9 (RLIN) 3594
650 ## - SUBJECT ADDED ENTRY--TOPICAL TERM
Topical term or geographic name as entry element Criminology
9 (RLIN) 82458
650 ## - SUBJECT ADDED ENTRY--TOPICAL TERM
Topical term or geographic name as entry element Criminology - Review
9 (RLIN) 82459
942 ## - ADDED ENTRY ELEMENTS (KOHA)
Source of classification or shelving scheme Dewey Decimal Classification
Koha item type Hindi Books
Classification part 364
Call number suffix पाण्डेय
Holdings
Withdrawn status Lost status Damaged status Not for loan Home library Current library Date acquired Source of acquisition Cost, normal purchase price Total Checkouts Total Renewals Full call number Barcode Date last seen Date checked out Copy number Cost, replacement price Price effective from Koha item type
        Central Library Central Library 14/09/2015 Cen Lib/Ref 550.00 7 2 364 पाण्डेय B-101163 15/09/2020 08/09/2020 1 550.00 14/09/2015 Hindi Books

© Delhi Public Library
Hit Counter
free hit counter